[Event "Sao Paulo ECP op 5th"]
[Site "Sao Paulo"]
[Date "2019.11.30"]
[Round "4"]
[White "Dos Santos, Lucas Carvalho Ribe"]
[Black "Pascheto, Ademir Heleno"]
[Result "1-0"]
[WhiteElo "1536"]
[BlackElo "1688"]
[PlyCount "145"]
[EventDate "2019.11.29"]
[EventType "swiss"]
[EventRounds "6"]
[EventCountry "BRA"]
[SourceTitle "CBM 193 Extra"]
[Source "ChessBase"]
[SourceDate "2020.01.31"]
[SourceVersion "1"]
[SourceVersionDate "2020.01.31"]
[SourceQuality "1"]

1. e4 e5 2. Nf3 Nc6 3. Bc4 Be7 4. d3 Nf6 5. 0-0 0-0 6. c3 d6 7. h3 h6 8. Re1 Be6 9. Bxe6 fxe6 10. Qb3 Qd7 11. Nbd2 Kh7 12. Qc2 Kg8 13. Nf1 Nh5 14. Be3 Nf4 15. Rad1 Rf6 16. Bxf4 Rxf4 17. d4 exd4 18. cxd4 Raf8 19. N1h2 b6 20. Rc1 Nb4 21. Qxc7 Qe8 22. Qc4 d5 23. exd5 exd5 24. Qc7 Re4 25. Rxe4 dxe4 26. Ne5 Nd3 27. Qc4+ Kh8 28. Nxd3 exd3 29. Qxd3 Qf7 30. Nf3 Qxa2 31. Ne5 Kg8 32. Ng6 Bg5 33. Qc4+ Qxc4 34. Rxc4 Rd8 35. f4 Bf6 36. Ne5 Rd5 37. Kf2 b5 38. Rc8+ Kh7 39. Ke3 b4 40. Ke4 Rb5 41. f5 g5 42. fxg6+ Kg7 43. Rc7+ Kg8 44. Rxa7 b3 45. Ng4 Bg5 46. h4 h5 47. hxg5 hxg4 48. d5 Rb6 49. Kf5 Rd6 50. Ra5 Kg7 51. Rb5 Kg8 52. Rc5 Kg7 53. Kxg4 Rb6 54. Rc6 Rb4+ 55. Kf5 Rd4 56. Rc7+ Kg8 57. Rd7 Rd2 58. Ke6 Re2+ 59. Kd6 Rxb2 60. Rb7 Rxg2 61. Rxb3 Rxg5 62. Rf3 Rxg6+ 63. Ke7 Rg7+ 64. Ke8 Rg1 65. Re3 Rd1 66. Re5 Kg7 67. Ke7 Rf1 68. d6 Rf7+ 69. Kd8 Rf1 70. d7 Kf7 71. Rc5 Rd1 72. Kc8 Ke7 73. Rc7 1-0

[Event "Sao Paulo ECP op 5th"]
[Site "Sao Paulo"]
[Date "2019.11.30"]
[Round "3"]
[White "Pascheto, Ademir Heleno"]
[Black "De Jesus, Joao Pedro Mendez"]
[Result "0-1"]
[WhiteElo "1688"]
[BlackElo "1324"]
[PlyCount "86"]
[EventDate "2019.11.29"]
[EventType "swiss"]
[EventRounds "6"]
[EventCountry "BRA"]
[SourceTitle "CBM 193 Extra"]
[Source "ChessBase"]
[SourceDate "2020.01.31"]
[SourceVersion "1"]
[SourceVersionDate "2020.01.31"]
[SourceQuality "1"]

1. d4 Nf6 2. c4 e6 3. Nc3 Bb4 4. e3 0-0 5. Nge2 d5 6. a3 Be7 7. Nf4 b6 8. Bd3 Bb7 9. 0-0 dxc4 10. Bxc4 c5 11. d5 exd5 12. Ncxd5 Nbd7 13. Qc2 Nxd5 14. Bxd5 Bxd5 15. Nxd5 Nf6 16. Nxe7+ Qxe7 17. b3 Rfd8 18. Bb2 Rd6 19. Rad1 Rad8 20. h3 R8d7 21. Rxd6 Qxd6 22. Bxf6 Qxf6 23. Rd1 Qd8 24. Rxd7 Qxd7 25. a4 g6 26. Qc3 a6 27. f3 b5 28. axb5 axb5 29. Kf2 Qd1 30. Kg3 b4 31. Qc4 Qe1+ 32. Kf4 Qc3 33. Qb5 Qxb3 34. Qb8+ Kg7 35. Qe5+ f6 36. Qe7+ Qf7 37. Qxc5 Qb7 38. Qd4 b3 39. Qb2 Qc7+ 40. Kg4 Qc2 41. Qd4 Qxg2+ 42. Kf4 Qg5+ 43. Ke4 Qf5# 0-1

[Event "Sao Paulo op-B U2050 8th"]
[Site "Sao Paulo"]
[Date "2019.10.19"]
[Round "3"]
[White "Pascheto, Ademir Heleno"]
[Black "Dos Reis, Leandro Aparecido C"]
[Result "0-1"]
[WhiteElo "1725"]
[BlackElo "2000"]
[PlyCount "58"]
[EventDate "2019.10.17"]
[EventType "swiss"]
[EventRounds "6"]
[EventCountry "BRA"]
[SourceTitle "CBM 192 Extra"]
[Source "Chessbase"]
[SourceDate "2019.11.06"]
[SourceVersion "1"]
[SourceVersionDate "2019.11.06"]
[SourceQuality "1"]

1. Nf3 g6 2. g3 Bg7 3. Bg2 Nf6 4. d4 0-0 5. 0-0 d5 6. c4 a6 7. Nc3 dxc4 8. Ne5 Nc6 9. Nxc6 bxc6 10. Bxc6 Rb8 11. Bg5 Qd6 12. Bg2 Rxb2 13. e4 e5 14. d5 h6 15. Bc1 Rb8 16. Qc2 c6 17. Rd1 Bg4 18. f3 Bd7 19. a4 cxd5 20. Nxd5 Nxd5 21. Rxd5 Qb6+ 22. Kh1 Be6 23. Rd1 Rfd8 24. Ba3 Qb3 25. Qe2 Rxd1+ 26. Qxd1 c3 27. Bf1 c2 28. Qd2 Qxf3+ 29. Kg1 Rb1 0-1

[Event "BRA-ch Seniors 65+"]
[Site "Sao Paulo"]
[Date "2019.10.11"]
[Round "1"]
[White "Baeta, Marcio Netto"]
[Black "Pascheto, Ademir Heleno"]
[Result "1-0"]
[WhiteElo "1895"]
[BlackElo "1725"]
[PlyCount "75"]
[EventDate "2019.10.11"]
[EventType "swiss"]
[EventRounds "5"]
[EventCountry "BRA"]
[SourceTitle "CBM 193 Extra"]
[Source "ChessBase"]
[SourceDate "2020.01.31"]
[SourceVersion "1"]
[SourceVersionDate "2020.01.31"]
[SourceQuality "1"]

1. e4 e5 2. f4 d5 3. exd5 c6 4. d3 exf4 5. Bxf4 cxd5 6. Nf3 Bd6 7. Qd2 Qf6 8. Bxd6 Qxd6 9. Nc3 Nf6 10. Be2 0-0 11. 0-0 h6 12. d4 Nc6 13. Nb5 Qd8 14. Qf4 Be6 15. c3 Qd7 16. Ne5 Nxe5 17. dxe5 Ne4 18. Nd4 a6 19. Bd3 f5 20. exf6 Nxf6 21. Rae1 Rae8 22. Rxe6 Rxe6 23. Bf5 Rfe8 24. Qg3 Qd6 25. Bxe6+ Rxe6 26. Nxe6 Qxe6 27. Re1 Qc6 28. Qf2 Qb5 29. Qe2 Qb6+ 30. Qf2 Qb5 31. b3 Qd3 32. Rc1 Ne4 33. Qd4 Qe2 34. Qxd5+ Kh7 35. Qd4 Nf6 36. a4 Ng4 37. Rd1 Kh8 38. Qd8+ 1-0

[Event "Sao Paulo Schutt Cup"]
[Site "Sao Paulo"]
[Date "2019.09.15"]
[Round "6"]
[White "Pascheto, Ademir Heleno"]
[Black "Barreto, Michael Fernando Al"]
[Result "1-0"]
[WhiteElo "1709"]
[BlackElo "1611"]
[PlyCount "125"]
[EventDate "2019.09.13"]
[EventType "swiss"]
[EventRounds "6"]
[EventCountry "BRA"]
[SourceTitle "EXT 2020"]
[Source "ChessBase"]
[SourceDate "2019.10.17"]
[SourceVersion "1"]
[SourceVersionDate "2019.10.17"]
[SourceQuality "1"]

1. Nf3 Nf6 2. b3 d5 3. Bb2 Bg4 4. e3 e6 5. d4 c5 6. Be2 cxd4 7. Nxd4 Bxe2 8. Qxe2 Bb4+ 9. c3 Bd6 10. 0-0 0-0 11. Nd2 a6 12. e4 Nxe4 13. Nxe4 dxe4 14. Qxe4 Qc7 15. g3 Nd7 16. Rad1 Nf6 17. Qe3 Bc5 18. Qf3 Rfd8 19. c4 Rd7 20. Ne2 Be7 21. Nf4 Rad8 22. h4 Rd2 23. Rxd2 Rxd2 24. Bxf6 Bxf6 25. a4 Qd7 26. Rc1 Bd4 27. Rf1 e5 28. Nd5 f5 29. Qxf5 Qxf5 30. Ne7+ Kf7 31. Nxf5 Bc5 32. Ne3 Bxe3 33. fxe3+ Ke7 34. Rb1 Re2 35. Kf1 Rxe3 36. Kf2 Rc3 37. Re1 Ke6 38. Re3 Rc1 39. Kf3 h5 40. Ke4 a5 41. Rd3 Re1+ 42. Re3 Rxe3+ 43. Kxe3 b6 44. Kf2 e4 45. Ke2 Ke5 46. Ke3 g6 47. Ke2 Kd4 48. Kd2 e3+ 49. Ke2 Ke4 50. b4 axb4 51. c5 bxc5 52. a5 b3 53. a6 b2 54. a7 b1Q 55. a8Q+ Kd4 56. Qh8+ Ke4 57. Qe8+ Kf5 58. Qd7+ Ke5 59. Qg7+ Kd5 60. Qf7+ Kd4 61. Qf6+ Kc4 62. Qe6+ Kb4 63. Qb6+ 1-0

[Event "Sao Paulo Schutt Cup"]
[Site "Sao Paulo"]
[Date "2019.09.13"]
[Round "2"]
[White "Oliveira, Debora Goncalves"]
[Black "Pascheto, Ademir Heleno"]
[Result "0-1"]
[WhiteElo "1358"]
[BlackElo "1709"]
[PlyCount "74"]
[EventDate "2019.09.13"]
[EventType "swiss"]
[EventRounds "6"]
[EventCountry "BRA"]
[SourceTitle "EXT 2020"]
[Source "ChessBase"]
[SourceDate "2019.10.17"]
[SourceVersion "1"]
[SourceVersionDate "2019.10.17"]
[SourceQuality "1"]

1. d4 Nf6 2. c4 c5 3. d5 e6 4. Nc3 exd5 5. cxd5 d6 6. e4 g6 7. Qc2 Bg7 8. Nf3 0-0 9. Be2 a6 10. 0-0 b5 11. a3 Nbd7 12. Bf4 Re8 13. Bxd6 Qb6 14. Bf4 Nh5 15. Be3 Qc7 16. Rac1 Bb7 17. Nd2 Rac8 18. Bxh5 gxh5 19. Qd1 Nf6 20. Bg5 Ng4 21. g3 Qe5 22. Bf4 Qf6 23. h3 Ne5 24. Qxh5 Nd3 25. Bg5 Qg6 26. Qxg6 hxg6 27. Rc2 Nxb2 28. f3 Nd3 29. Ne2 Bxd5 30. exd5 Rxe2 31. d6 Bd4+ 32. Kh1 f6 33. Bf4 g5 34. Bxg5 fxg5 35. h4 gxh4 36. gxh4 Nf2+ 37. Rxf2 Rxf2 0-1

[Event "Sao Paulo STD U2200 op 5th"]
[Site "Sao Paulo"]
[Date "2019.09.01"]
[Round "6"]
[White "Yasuda, Osvaldo Makoto"]
[Black "Pascheto, Ademir Heleno"]
[Result "0-1"]
[WhiteElo "1306"]
[BlackElo "1709"]
[PlyCount "56"]
[EventDate "2019.08.30"]
[EventType "swiss"]
[EventRounds "6"]
[EventCountry "BRA"]
[SourceTitle "CBM 195 Extra"]
[Source "ChessBase"]
[SourceDate "2020.05.31"]
[SourceVersion "1"]
[SourceVersionDate "2020.05.31"]
[SourceQuality "1"]

1. e4 e5 2. Nf3 Nc6 3. d4 exd4 4. Nxd4 d6 5. Bb5 Bd7 6. Nxc6 Bxc6 7. Bxc6+ bxc6 8. Bf4 Ne7 9. Qd4 Ng6 10. Bg3 Be7 11. Qa4 Qd7 12. Nd2 0-0 13. 0-0 Bf6 14. c3 Rfb8 15. Nc4 Rb5 16. Rad1 Qe6 17. Rfe1 Rab8 18. Nxd6 Rxb2 19. Nf5 Bxc3 20. Bxc7 Bxe1 21. Bxb8 Bxf2+ 22. Kf1 Rxb8 23. Kxf2 Nf8 24. Qxa7 Rb2+ 25. Kf3 Rxa2 26. Qc5 Nd7 27. Qe3 h6 28. Nd4 Ne5+ 0-1

[Event "Sao Paulo STD U2200 op 5th"]
[Site "Sao Paulo"]
[Date "2019.08.30"]
[Round "2"]
[White "Pascheto, Ademir Heleno"]
[Black "Passos, Marco Aurelio Novae"]
[Result "1/2-1/2"]
[WhiteElo "1709"]
[BlackElo "1800"]
[PlyCount "55"]
[EventDate "2019.08.30"]
[EventType "swiss"]
[EventRounds "6"]
[EventCountry "BRA"]
[SourceTitle "CBM 195 Extra"]
[Source "ChessBase"]
[SourceDate "2020.05.31"]
[SourceVersion "1"]
[SourceVersionDate "2020.05.31"]
[SourceQuality "1"]

1. Nf3 d5 2. e3 Nf6 3. b3 Bg4 4. Be2 Nbd7 5. Bb2 c6 6. 0-0 Qc7 7. d4 0-0-0 8. c4 e6 9. Nc3 Bb4 10. Rc1 Bxc3 11. Bxc3 Ne4 12. Bb2 h5 13. b4 Kb8 14. b5 cxb5 15. cxb5 Qb6 16. Ne5 Nxe5 17. dxe5 Bxe2 18. Qxe2 Qa5 19. f3 Qd2 20. Rfe1 Qxe2 21. Rxe2 Ng5 22. Rec2 Rc8 23. Ba3 b6 24. Kf2 Rxc2+ 25. Rxc2 Rc8 26. Rxc8+ Kxc8 27. Be7 Nh7 28. Ke2 1/2-1/2

[Event "Sao Paulo Karman Cup"]
[Site "Sao Paulo"]
[Date "2019.08.17"]
[Round "3"]
[White "Dutra, Liliam Guedes"]
[Black "Pascheto, Ademir Heleno"]
[Result "0-1"]
[WhiteElo "1488"]
[BlackElo "1733"]
[PlyCount "72"]
[EventDate "2019.08.16"]
[EventType "swiss"]
[EventRounds "6"]
[EventCountry "BRA"]
[SourceTitle "EXT 2020"]
[Source "ChessBase"]
[SourceDate "2019.10.17"]
[SourceVersion "1"]
[SourceVersionDate "2019.10.17"]
[SourceQuality "1"]

1. e4 e5 2. Nf3 Nc6 3. Bc4 Be7 4. 0-0 Nf6 5. d3 0-0 6. h3 d5 7. exd5 Nxd5 8. Re1 Nb6 9. Bb3 Bd6 10. a4 Nd4 11. Nxe5 Nxb3 12. cxb3 Qf6 13. Nf3 Be6 14. Nbd2 Qg6 15. h4 Qxd3 16. Re3 Qf5 17. Ng5 Bd5 18. Nde4 Rad8 19. Bd2 h6 20. Nxd6 Rxd6 21. Nf3 Bxf3 22. Rxf3 Qd7 23. a5 Nc8 24. Qc1 Rxd2 25. Rc3 c6 26. a6 bxa6 27. Rxc6 Rd8 28. Qc3 Qf5 29. Qg3 Kh7 30. Rac1 Ne7 31. Rxa6 R8d3 32. f3 Qd5 33. Ra4 Rxb3 34. Qf4 Rd1+ 35. Rxd1 Qxd1+ 36. Kh2 Qd5 0-1

[Event "Sao Paulo Karman Cup"]
[Site "Sao Paulo"]
[Date "2019.08.17"]
[Round "4"]
[White "Pascheto, Ademir Heleno"]
[Black "Haraguchi, Matheus Sashaki"]
[Result "0-1"]
[WhiteElo "1733"]
[BlackElo "1603"]
[PlyCount "88"]
[EventDate "2019.08.16"]
[EventType "swiss"]
[EventRounds "6"]
[EventCountry "BRA"]
[SourceTitle "EXT 2021"]
[Source "ChessBase"]
[SourceDate "2020.10.23"]
[SourceVersion "1"]
[SourceVersionDate "2020.10.23"]
[SourceQuality "1"]

1. Nf3 d5 2. e3 Nf6 3. b3 e6 4. Bb2 c5 5. Ne5 Nbd7 6. Bb5 a6 7. Bxd7+ Bxd7 8. 0-0 Bd6 9. f4 0-0 10. d3 b5 11. Nd2 Qb6 12. c4 Rad8 13. Qe1 Bc8 14. Qg3 Kh8 15. Rad1 Bb7 16. Ndf3 dxc4 17. dxc4 Ne4 18. Qh4 Kg8 19. Qg4 Nf6 20. Qh4 Be7 21. Ng5 h6 22. Ngf3 Qc7 23. Qf2 Ne4 24. Qc2 b4 25. Ng4 Nd6 26. Nfe5 Nf5 27. Qe2 Rxd1 28. Rxd1 Rd8 29. Nf2 Rxd1+ 30. Nxd1 Qd6 31. Qd3 Qxd3 32. Nxd3 Be4 33. Ne5 Bb1 34. a3 Bc2 35. Nf2 Nxe3 36. axb4 cxb4 37. Bd4 Nf5 38. Bb6 Bxb3 39. c5 Bd5 40. c6 Nd6 41. Nfd3 Nc8 42. Ba5 b3 43. c7 f6 44. Nc6 Bxc6 0-1

[Event "American Continental 15th"]
[Site "Sao Paulo"]
[Date "2019.07.12"]
[Round "10"]
[White "Pascheto, Ademir Heleno"]
[Black "De Souza Monteiro, Marcos Paulo"]
[Result "0-1"]
[WhiteElo "1827"]
[BlackElo "1953"]
[PlyCount "64"]
[EventDate "2019.07.05"]
[EventType "swiss"]
[EventRounds "11"]
[EventCountry "BRA"]
[SourceTitle "CBM 191 Extra"]
[Source "ChessBase"]
[SourceDate "2019.09.30"]
[SourceVersion "1"]
[SourceVersionDate "2019.09.30"]
[SourceQuality "1"]

1. b3 Nf6 2. Bb2 d6 3. e3 g6 4. Bxf6 exf6 5. c4 Bg7 6. Nc3 0-0 7. g3 f5 8. Bg2 Nc6 9. Nge2 Re8 10. 0-0 Ne5 11. Qc2 c6 12. Rac1 Bd7 13. d4 Ng4 14. Qd3 Qg5 15. Nf4 Qh6 16. h3 Nf6 17. c5 d5 18. b4 g5 19. Ncxd5 cxd5 20. Nxd5 Nxd5 21. Bxd5 Rab8 22. Bg2 a6 23. Qb3 f4 24. exf4 gxf4 25. g4 Bb5 26. Rfd1 Be2 27. a4 f3 28. Bxf3 Qxh3 29. Rc3 Bxd1 30. Qxd1 Bxd4 31. Qd3 Qg3+ 32. Kh1 Qxf2 0-1

[Event "American Continental 15th"]
[Site "Sao Paulo"]
[Date "2019.07.10"]
[Round "8"]
[White "Pascheto, Ademir Heleno"]
[Black "Portes Junior, Dirceu Atanazio"]
[Result "0-1"]
[WhiteElo "1827"]
[BlackElo "2019"]
[PlyCount "74"]
[EventDate "2019.07.05"]
[EventType "swiss"]
[EventRounds "11"]
[EventCountry "BRA"]
[SourceTitle "CBM 191 Extra"]
[Source "ChessBase"]
[SourceDate "2019.09.30"]
[SourceVersion "1"]
[SourceVersionDate "2019.09.30"]
[SourceQuality "1"]

1. d4 Nf6 2. c4 e6 3. Nc3 Bb4 4. e3 c5 5. Nge2 cxd4 6. exd4 d5 7. a3 Be7 8. Nf4 0-0 9. Bd3 Nc6 10. Be3 dxc4 11. Bxc4 e5 12. dxe5 Nxe5 13. Be2 Neg4 14. Nfd5 Nxd5 15. Nxd5 Nxe3 16. Nxe3 Bf6 17. Qc2 Be6 18. 0-0 Qb6 19. Bf3 Rac8 20. Qe4 Qxb2 21. Rab1 Qxa3 22. Rxb7 Qc5 23. Qa4 Rc7 24. Rxc7 Qxc7 25. Nd5 Bxd5 26. Bxd5 Qb6 27. g3 g6 28. Bb3 Bd4 29. Qa2 Qf6 30. Qe2 Rb8 31. Qc4 Kg7 32. Qd5 a5 33. Qc4 Rb4 34. Qc2 Qf3 35. Ba4 Rb2 36. Bc6 Qf6 37. Qe4 Rxf2 0-1

[Event "American Continental 15th"]
[Site "Sao Paulo"]
[Date "2019.07.09"]
[Round "7"]
[White "Haraguchi, Diego Sashaki"]
[Black "Pascheto, Ademir Heleno"]
[Result "1/2-1/2"]
[WhiteElo "1634"]
[BlackElo "1827"]
[PlyCount "78"]
[EventDate "2019.07.05"]
[EventType "swiss"]
[EventRounds "11"]
[EventCountry "BRA"]
[SourceTitle "CBM 191 Extra"]
[Source "ChessBase"]
[SourceDate "2019.09.30"]
[SourceVersion "1"]
[SourceVersionDate "2019.09.30"]
[SourceQuality "1"]

1. d4 Nf6 2. c4 c5 3. d5 e6 4. Nc3 exd5 5. cxd5 d6 6. e4 g6 7. Bc4 Bg7 8. Nf3 0-0 9. 0-0 a6 10. a4 Bg4 11. h3 Bxf3 12. Qxf3 Nbd7 13. Bf4 Qc7 14. a5 Rfe8 15. Rfe1 Ne5 16. Bxe5 Rxe5 17. Bd3 Nd7 18. g4 Ree8 19. Qg3 b5 20. axb6 Qxb6 21. Na4 Qb3 22. Ra3 Qb4 23. Rea1 Ne5 24. Bc2 Nc4 25. Rb3 Qd2 26. Qd3 Qxd3 27. Bxd3 Ne5 28. Bc2 Nc4 29. Nb6 Nxb6 30. Rxb6 Reb8 31. Rbxa6 Be5 32. b3 Rxa6 33. Rxa6 Rb4 34. Ra4 Rb6 35. Kg2 Kg7 36. h4 g5 37. hxg5 Kg6 38. Ra7 Rb4 39. Re7 Rd4 1/2-1/2

[Event "Sao Paulo-chT1"]
[Site "Sao Paulo"]
[Date "2019.03.10"]
[Round "7.1"]
[White "Da Silva, Tiago Henrique"]
[Black "Pascheto, Ademir Heleno"]
[Result "1/2-1/2"]
[WhiteElo "2080"]
[BlackElo "1827"]
[PlyCount "42"]
[EventDate "2019.02.23"]
[EventType "team-tourn"]
[EventRounds "7"]
[EventCountry "BRA"]
[SourceTitle "EXT 2021"]
[Source "ChessBase"]
[SourceDate "2020.10.23"]
[SourceVersion "1"]
[SourceVersionDate "2020.10.23"]
[SourceQuality "1"]
[WhiteTeam "Homs"]
[BlackTeam "Kolping"]
[WhiteTeamCountry "BRA"]
[BlackTeamCountry "BRA"]

1. d4 Nf6 2. Nf3 c5 3. c3 cxd4 4. cxd4 d6 5. Nc3 g6 6. Bg5 Bg7 7. e3 0-0 8. Be2 Nbd7 9. 0-0 a6 10. a4 e5 11. Rc1 Qa5 12. Bh4 e4 13. Ne1 Re8 14. Nc2 d5 15. b4 Qb6 16. a5 Qd8 17. Nxd5 h6 18. Nc3 b6 19. Ra1 Qc7 20. Qd2 Bb7 21. Bg3 Qd8 1/2-1/2

[Event "Sao Paulo-chT1"]
[Site "Sao Paulo"]
[Date "2019.02.24"]
[Round "4.2"]
[White "Pascheto, Ademir Heleno"]
[Black "Dos Reis, Leandro Aparecido C"]
[Result "0-1"]
[WhiteElo "1827"]
[BlackElo "2007"]
[PlyCount "68"]
[EventDate "2019.02.23"]
[EventType "team-tourn"]
[EventRounds "7"]
[EventCountry "BRA"]
[SourceTitle "EXT 2021"]
[Source "ChessBase"]
[SourceDate "2020.10.23"]
[SourceVersion "1"]
[SourceVersionDate "2020.10.23"]
[SourceQuality "1"]
[WhiteTeam "Kolping"]
[BlackTeam "Caetano CDRSJ"]
[WhiteTeamCountry "BRA"]
[BlackTeamCountry "BRA"]

1. d4 Nf6 2. c4 g6 3. Nc3 d5 4. cxd5 Nxd5 5. e4 Nxc3 6. bxc3 Bg7 7. Bc4 c5 8. Ne2 0-0 9. 0-0 Qc7 10. Bb3 Nc6 11. Be3 Rd8 12. Qc1 b6 13. Rd1 Ba6 14. Nf4 e6 15. d5 e5 16. Nd3 c4 17. dxc6 cxd3 18. Bd5 Rxd5 19. exd5 Bc4 20. Qa3 e4 21. Qb4 Bxd5 22. Rac1 Be5 23. h3 f5 24. Bd4 Bh2+ 25. Kf1 Bf4 26. Rb1 Bxa2 27. Ra1 Bd5 28. Bxb6 Qxc6 29. Bxa7 Bd6 30. Qd4 Rd8 31. c4 Qxc4 32. Qf6 Rd7 33. Bd4 Bh2 34. Rdc1 d2+ 0-1

[Event "Sao Paulo-chT1"]
[Site "Sao Paulo"]
[Date "2019.02.23"]
[Round "1.2"]
[White "Barros, Ivo Cabral Araujo"]
[Black "Pascheto, Ademir Heleno"]
[Result "1-0"]
[WhiteElo "1600"]
[BlackElo "1827"]
[PlyCount "97"]
[EventDate "2019.02.23"]
[EventType "team-tourn"]
[EventRounds "7"]
[EventCountry "BRA"]
[SourceTitle "EXT 2021"]
[Source "ChessBase"]
[SourceDate "2020.10.23"]
[SourceVersion "1"]
[SourceVersionDate "2020.10.23"]
[SourceQuality "1"]
[WhiteTeam "Sao Jose Chess Empire"]
[BlackTeam "Kolping"]
[WhiteTeamCountry "BRA"]
[BlackTeamCountry "BRA"]

1. e4 e5 2. Nf3 Nc6 3. Bc4 Be7 4. 0-0 Nf6 5. d3 0-0 6. c3 d6 7. h3 h6 8. a4 Be6 9. Nbd2 Bxc4 10. Nxc4 Nd7 11. Ne3 g6 12. Nd5 Kh7 13. Qd2 g5 14. Ne3 Rg8 15. Nf5 Bf8 16. Ng3 Ne7 17. d4 Ng6 18. Qc2 Qf6 19. Nh5 Qe6 20. Bxg5 Nf4 21. Nxf4 exf4 22. Bxf4 Qxh3 23. Bg3 Qh5 24. Rae1 Kh8 25. e5 Qg4 26. Qe4 dxe5 27. Qxg4 Rxg4 28. Bxe5+ Nxe5 29. Nxe5 Rg7 30. Re4 Bd6 31. Rfe1 Kh7 32. g3 Bxe5 33. dxe5 Rd8 34. Rd4 Rxd4 35. cxd4 Rg6 36. Rc1 c6 37. Kg2 Rg8 38. Kf3 Rd8 39. Ke3 Kg6 40. b4 Rd5 41. Rc5 Rd7 42. g4 f6 43. f4 Re7 44. b5 cxb5 45. axb5 f5 46. gxf5+ Kxf5 47. Rc8 h5 48. d5 Rh7 49. Rg8 1-0